ESTADISTICA PARA EL EQUIPO DEL AREA DE LA SALUD /

INDICE

Đã lưu trong:
Chi tiết về thư mục
Tác giả chính: García de Alba García, Javier Eduardo (autor)
Định dạng: Sách
Loạt:BIBLIOTECA CIRCULAR. SERIE UNIVERSITARIA
Những chủ đề:
Các nhãn: Thêm thẻ
Không có thẻ, Là người đầu tiên thẻ bản ghi này!

MARC

LEADER 00000nam^a2200000^a^4500
001 000235481
005 20250521000000.0
009 20260310104808.754
020 |a 968-895-596-5 
035 |a 057396 
037 |a Acervo Xavier Clavigero 
082 |a 614. 021  |b GAR 
100 |a García de Alba García, Javier Eduardo  |e (autor) 
245 1 0 |a ESTADISTICA PARA EL EQUIPO DEL AREA DE LA SALUD /  |c JAVIER E. GARCIA DE ALBA 
264 |a Guadalajara, México :  |b U DE G,  |c 1995 
300 |a 294 p. :  |b tbs. 
336 |a texto  |b txt  |2 rdacontenido 
337 |a sin mediación  |b n  |2 rdamedio 
338 |a volumen  |b nc  |2 rdasoporte 
440 |a BIBLIOTECA CIRCULAR. SERIE UNIVERSITARIA 
520 |a INDICE 
649 |a XX 
650 |a Salud Pública -  |z México -  |x Estadísticas 
910 |a Fondo General 
920 |a Impresos - Libros 
930 |a Colección General 
905 |a 101 
901 |a 057396  |b IT1  |c ACC  |i 057396  |u 20250521 
902 |a https://opac.biblio.iteso.mx/vufind/Record/000235481